=LDR 00000nam 2200000 4500 =001 INLIS000000000063373 =005 20240321090703 =035 ##$$a 0010-0324000016 =007 ta =008 240321################e##########0#ind## =020 ##$$a 978-979-27-8800-6 =082 ##$$a 658. 406 =084 ##$$a 658. 406 KOT s =245 ##$$a A sense of urgency : $b Kunci penting dalam melakukan perubahan yang sukses /$c John P. Kotter; Alih Bahasa, Rahmawati Rusli =300 ##$$a xii, 208 halaman ; $c 21 cm =264 ##$$a Jakarta :$b PT Elex Media Komputindo,$c 2011 =336 ##$$a Teks$2 rdacontent =337 ##$$a Tanpa perantara$2 rdamedia =338 ##$$a Volume$2 rdacarrier =650 #4$$a Organisasi - Perubahan =700 #$$a Rahmawati Rusli (alih bahasa) =740 ##$$a A sense of urgency =990 ##$$a 3202400799